Chiffre 8 dans Pokémon - Statistiques

Statistiques générales
  • Ce quiz a été pris 63 fois
  • Le résultat moyen est 2 sur 6
Answers on the Grid
Answers color-coded by a green-red scale on the quiz's grid according to % correct below.
Le nombre de badges à gagner dans une région classique
Le numéro de la génération introduite par Épée et Bouclier
Le nombre de CS dans Émeraude
Le nombre d'évolutions d'Évoli
Le nombre total de griffes de Parecool (mains et pieds)
Le nombre de Pokémon dominants à Alola
Le nombre de pattes de Chenipotte
Le nombre de symboles extrême dans Émeraude
Le nombre de tentacules de Tentacruel
Le nombre de blocs composant Onix (hors tête)
Le nombre de Pokémon légendaires en 4ème génération
Le nombre de membres dans la Rainbow Rocket
Le nombre de CS dans Diamant & Perle
Le nombre de Stades à Galar
Les couleurs des Noigrumes
 
Statistiques - réponses
Réponse % Correct
8 évolitions Le nombre d'évolutions d'Évoli
64%
8ème génération Le numéro de la génération introduite par Épée et Bouclier
58%
8 badges Le nombre de badges à gagner dans une région classique
45%
8 CS Le nombre de CS dans Émeraude
18%
8 Le nombre de Pokémon dominants à Alola
18%
8 (2 griffes par membre) Le nombre total de griffes de Parecool (mains et pieds)
0%
Aucun quiz correspondant
Distribution des résultats
% des personnes avec chaque résultat
Percentile par nombre de réponses
Votre historique - résultats
Vous n’avez pas pris ce quiz